In search of non-tangential premises (Record no. 506170)

000 -LEADER
fixed length control field 00508nam a2200169Ia 4500
008 - FIXED-LENGTH DATA ELEMENTS--GENERAL INFORMATION
fixed length control field 181130s2018 xx 000 0 und d
100 ## - MAIN ENTRY--PERSONAL NAME
Personal name Mondal, Pragna Paramita
245 ## - TITLE STATEMENT
Title In search of non-tangential premises
Remainder of title the surrogacy (regulation) bill, 2016
260 ## - PUBLICATION, DISTRIBUTION, ETC.
Date of publication, distribution, etc. 2018
300 ## - PHYSICAL DESCRIPTION
Extent p.31-35.
504 ## - BIBLIOGRAPHY, ETC. NOTE
-- 7-Apr
650 ## - SUBJECT ADDED ENTRY--TOPICAL TERM
Topical term or geographic name entry element Surrogacy Regulation Bill 2016
650 ## - SUBJECT ADDED ENTRY--TOPICAL TERM
Topical term or geographic name entry element Surrogate mothers
700 ## - ADDED ENTRY--PERSONAL NAME
Personal name Chakraborty, Achin
773 ## - HOST ITEM ENTRY
Main entry heading Economic and Political Weekly
906 ## - LOCAL DATA ELEMENT F, LDF (RLIN)
a Surrogate mothers
Holdings
Withdrawn status Lost status Damaged status Not for loan Permanent Location Current Location Date acquired Serial Enumeration / chronology Barcode Date last seen Price effective from Koha item type
        Indian Institute of Public Administration Indian Institute of Public Administration 2018-12-07 53(14), 7-Apr, 2018: p.31-35. AR117965 2018-12-07 2018-12-07 Articles

Powered by Koha